Most na D4 nad veslarskou dráhou

Saved in:
Bibliographic Details
Main Author: Hanuštiak, Martin (Author)
Other Authors: Halvonik, Jaroslav (Thesis advisor)
Format: Manuscript Book
Language:Slovak
Published: 2019
Subjects:
Online Access:http://is.stuba.sk/zp/portal_zp.pl?podrobnosti=144680
https://opac.crzp.sk/?fn=detailBiblioForm&sid=1D69B1A76ABEB527B36CD4387708
Tags: Add Tag
No Tags, Be the first to tag this record!

MARC

LEADER 00000ntm a22000003a 4500
001 stuzp73747
003 SK-STU
005 20230531092024.0
007 ta
008 150427s2015----xo-----f-mn---000-0-slo-d
040 |a STU  |b slo 
041 0 |a slo 
100 1 |a Hanuštiak, Martin  |u 010110  |k Z4  |4 aut  |U SvF Stavebná fakulta  |T SvF Katedra betónových konštrukcií a mostov  |X 75632  |U V110  |Y 11  |7 75632 
242 0 1 |a Bridge on D4 over kayak channel  |y eng 
245 1 0 |a Most na D4 nad veslarskou dráhou 
260 |c 2019 
650 4 |a dodatočne predpätý betón  |2 slo 
650 4 |a most  |2 slo 
650 4 |a technológia letmej betonáže  |2 slo 
650 4 |a balanced cantilever method  |2 eng 
650 4 |a post-tensioned prestressed concrete  |2 eng 
650 4 |a bridge  |2 eng 
700 1 |a Halvonik, Jaroslav  |u 010110  |k Z1  |4 ths  |U SvF Stavebná fakulta  |T SvF Katedra betónových konštrukcií a mostov  |X 2749  |U V110  |Y 11  |7 A000002749 
856 4 |u http://is.stuba.sk/zp/portal_zp.pl?podrobnosti=144680 
856 4 |u https://opac.crzp.sk/?fn=detailBiblioForm&sid=1D69B1A76ABEB527B36CD4387708